[Event "AUT-chT2S 9900"]
[Site "Austria"]
[Date "1999.11.20"]
[Round "3.3"]
[White "Kuba, Guenter"]
[Black "Pilaj, Herwig"]
[Result "1/2-1/2"]
[WhiteElo "2238"]
[BlackElo "2197"]
[Annotator "Gabriele Ballarin"]
[PlyCount "91"]
[EventDate "1999.10.??"]
[EventType "team"]
[EventRounds "11"]
[EventCountry "AUT"]
[SourceTitle "EXT 2002"]
[Source "ChessBase"]
[SourceDate "2001.11.25"]
[SourceVersion "1"]
[SourceVersionDate "2001.11.25"]
[SourceQuality "1"]

1. e4 c5 2. Nf3 e6 3. c3 d5 4. exd5 exd5 5. d4 Nc6 6. Be3 c4 7. b3 cxb3 8. axb3 Bd6 9. Bd3 Nge7 10. O-O O-O 11. Re1 h6 12. b4 Bf5 13. b5 Na5 14. Ne5 Rc8 15. Bxf5 Nxf5 16. Qg4 Nxe3 17. Rxe3 Bxe5 18. dxe5 Nc4 19. Rg3 Qg5 20. Qxg5 hxg5 21. h3 Rc5 22. Rxa7 Rxb5 23. Na3 Rb3 24. Nxc4 dxc4 25. Rxg5 Re8 26. Rg4 b5 27. Rf4 Rxe5 28. Rfxf7 Rg5 29. Rf3 b4 30. Rc7 Rb1+ 31. Kh2 b3 32. Rxc4 Re5 33. Rb4 Re2 34. c4 b2 35. Kg3 Rc1 36. Rfb3 Rcc2 37. f3 Rxg2+ 38. Kf4 Rc1 39. Rxb2 Rxb2 40. Rxb2 Rxc4+ 41. Kg3 Kh7 42. f4 Rc3+ 43. Kg4 Ra3 44. h4 Ra1 45. Rg2 Kh6 46. Rg3 1/2-1/2

[Event "AUT-chT2S 9900"]
[Site "Austria"]
[Date "1999.11.20"]
[Round "3.3"]
[White "Lendwai, Reinhard"]
[Black "Kleeschaetzky, Rainer"]
[Result "1/2-1/2"]
[WhiteElo "2371"]
[BlackElo "2325"]
[Annotator "Gabriele Ballarin"]
[PlyCount "22"]
[EventDate "1999.10.??"]
[EventType "team"]
[EventRounds "11"]
[EventCountry "AUT"]
[SourceTitle "EXT 2002"]
[Source "ChessBase"]
[SourceDate "2001.11.25"]
[SourceVersion "1"]
[SourceVersionDate "2001.11.25"]
[SourceQuality "1"]

1. Nf3 d5 2. c4 c6 3. b3 Bg4 4. Bb2 e6 5. Ne5 Bf5 6. d3 Nf6 7. Nd2 Be7 8. g3 O-O 9. Bg2 Nbd7 10. O-O Nxe5 11. Bxe5 h6 1/2-1/2

[Event "AUT-chT2S 9900"]
[Site "Austria"]
[Date "1999.11.20"]
[Round "3.3"]
[White "Pesorda, Ivan"]
[Black "Reichmann, Egon"]
[Result "0-1"]
[WhiteElo "2180"]
[BlackElo "2260"]
[Annotator "Gabriele Ballarin"]
[PlyCount "114"]
[EventDate "1999.10.??"]
[EventType "team"]
[EventRounds "11"]
[EventCountry "AUT"]
[SourceTitle "EXT 2002"]
[Source "ChessBase"]
[SourceDate "2001.11.25"]
[SourceVersion "1"]
[SourceVersionDate "2001.11.25"]
[SourceQuality "1"]

1. d4 Nf6 2. c4 e6 3. Nc3 Bb4 4. Qc2 O-O 5. Bg5 h6 6. Bh4 b6 7. e4 Bxc3+ 8. bxc3 Bb7 9. Bd3 d6 10. f4 Nbd7 11. Nf3 Qe8 12. O-O Nh5 13. Qd2 f5 14. exf5 exf5 15. Rae1 Be4 16. d5 Nc5 17. Bxe4 Nxe4 18. Qe3 Qg6 19. Nd4 Qg4 20. Nxf5 Nc5 21. Ne7+ Kh7 22. Bg3 Rae8 23. Qf2 Rf7 24. Qc2+ g6 25. Nxg6 Rxe1 26. Ne5+ Qf5 27. Qxf5+ Rxf5 28. Rxe1 dxe5 29. fxe5 Nxg3 30. hxg3 Nd3 31. d6 cxd6 32. Rd1 Nxe5 33. Rxd6 Rf7 34. c5 bxc5 35. Rd5 Nd7 36. c4 Kg7 37. Rd6 Nb6 38. Rc6 Nxc4 39. Rxc5 Ne3 40. Ra5 Ng4 41. Ra4 h5 42. Ra6 Ne3 43. Kh2 Ng4+ 44. Kh3 Nf6 45. Kh4 Kg6 46. Ra5 Re7 47. Rg5+ Kh6 48. Ra5 Re4+ 49. Kh3 Re1 50. g4 hxg4+ 51. Kg3 Re7 52. Kf4 Kg6 53. Ra4 Rd7 54. Ra5 Rc7 55. Ra4 Kh5 56. g3 Kg6 57. Ra5 Rc4+ 0-1

[Event "AUT-chT2S 9900"]
[Site "Austria"]
[Date "1999.11.20"]
[Round "3.3"]
[White "Rudolph, Johannes"]
[Black "Arwanitakis, Michael"]
[Result "1-0"]
[WhiteElo "2237"]
[BlackElo "2155"]
[Annotator "Gabriele Ballarin"]
[PlyCount "123"]
[EventDate "1999.10.??"]
[EventType "team"]
[EventRounds "11"]
[EventCountry "AUT"]
[SourceTitle "EXT 2002"]
[Source "ChessBase"]
[SourceDate "2001.11.25"]
[SourceVersion "1"]
[SourceVersionDate "2001.11.25"]
[SourceQuality "1"]

1. d4 Nf6 2. c4 g6 3. Nc3 Bg7 4. e4 d6 5. Be2 O-O 6. Bg5 Na6 7. h4 h6 8. Be3 e5 9. d5 Nc5 10. Qc2 c6 11. h5 cxd5 12. cxd5 g5 13. f3 g4 14. Qd2 Kh7 15. b4 Na6 16. a3 Bd7 17. Nb5 Bxb5 18. Bxb5 Nb8 19. Ne2 a5 20. Rc1 axb4 21. axb4 Ra3 22. Ng3 gxf3 23. gxf3 Rg8 24. Kf2 Na6 25. Nf5 Rxe3 26. Qxe3 Nxb4 27. Rcg1 Bf8 28. Rxg8 Nxg8 29. Be2 Be7 30. f4 Nc2 31. Qc3 Qb6+ 32. Kf3 Nd4+ 33. Nxd4 exd4 34. Qd3 Qc5 35. Rd1 f5 36. Qxd4 Qxd4 37. Rxd4 fxe4+ 38. Rxe4 Kg7 39. Ke3 Kf8 40. Rb4 Nf6 41. Kd4 b5 42. Rxb5 Kg7 43. Rb3 Kf7 44. Re3 Bd8 45. Re6 Be7 46. Kc4 Kf8 47. Bf3 Ke8 48. Re2 Kd7 49. Rg2 Bf8 50. Kb5 Ke7 51. Kc6 Kf7 52. Rg1 Be7 53. Re1 Bf8 54. Re6 Ng8 55. Be4 Ne7+ 56. Kd7 Ng8 57. Bg6+ Kg7 58. Re1 Nf6+ 59. Ke6 Ng4 60. Rg1 Ne3 61. Be4+ Kh8 62. Kf7 1-0

[Event "AUT-chT2S 9900"]
[Site "Austria"]
[Date "1999.11.20"]
[Round "3.4"]
[White "Hanser, Michael"]
[Black "Sorg, Bernd"]
[Result "0-1"]
[WhiteElo "2180"]
[BlackElo "2216"]
[Annotator "Gabriele Ballarin"]
[PlyCount "77"]
[EventDate "1999.10.??"]
[EventType "team"]
[EventRounds "11"]
[EventCountry "AUT"]
[SourceTitle "EXT 2002"]
[Source "ChessBase"]
[SourceDate "2001.11.25"]
[SourceVersion "1"]
[SourceVersionDate "2001.11.25"]
[SourceQuality "1"]

1. e4 e6 2. Nf3 d5 3. e5 c5 4. b4 c4 5. c3 Qc7 6. d4 cxd3 7. Bxd3 Nd7 8. Bf4 a5 9. Qa4 Ne7 10. O-O Nc6 11. Na3 axb4 12. Nb5 Rxa4 13. Nxc7+ Kd8 14. Nb5 bxc3 15. Bg5+ Be7 16. Bxe7+ Kxe7 17. Nxc3 Ra3 18. Rac1 d4 19. Nxd4 Nxd4 20. Rfd1 Nxe5 21. Bf1 Nec6 22. Re1 Rd8 23. f4 h5 24. Re3 Ra5 25. a4 Nf5 26. Rh3 Rd4 27. Bb5 h4 28. Re1 Bd7 29. g4 hxg3 30. hxg3 Nd6 31. Rh7 g6 32. g4 Nxb5 33. axb5 Nd8 34. Re5 Rd2 35. Re1 Bxb5 36. f5 gxf5 37. gxf5 Bc6 38. Rh5 Kd6 39. Rh6 0-1

[Event "AUT-chT2S 9900"]
[Site "Austria"]
[Date "1999.11.20"]
[Round "3.4"]
[White "Jahnel, Guenther"]
[Black "Mahdy, Khaled"]
[Result "0-1"]
[WhiteElo "2255"]
[BlackElo "2332"]
[Annotator "Gabriele Ballarin"]
[PlyCount "133"]
[EventDate "1999.10.??"]
[EventType "team"]
[EventRounds "11"]
[EventCountry "AUT"]
[SourceTitle "EXT 2002"]
[Source "ChessBase"]
[SourceDate "2001.11.25"]
[SourceVersion "1"]
[SourceVersionDate "2001.11.25"]
[SourceQuality "1"]

1. d4 Nf6 2. c4 Nc6 3. Nf3 e6 4. Nc3 Bb4 5. Qc2 d5 6. a3 Bxc3+ 7. Qxc3 Ne7 8. g3 O-O 9. Bg2 c6 10. O-O a5 11. Ne5 Nf5 12. Rd1 Ne4 13. Bxe4 dxe4 14. c5 Ra6 15. Nc4 e5 16. Nxe5 Be6 17. Nc4 a4 18. Bf4 Bd5 19. Ne3 Nxe3 20. Qxe3 Re8 21. Bd6 Qd7 22. Rac1 Raa8 23. Rc3 Re6 24. Bf4 Rg6 25. Kg2 Re8 26. h4 Qg4 27. Rh1 h5 28. Kf1 Qd7 29. Ke1 Qd8 30. Kf1 b6 31. Kg2 b5 32. Rc2 Qc8 33. Rh2 Qf5 34. Rc3 Ree6 35. Kf1 Re7 36. Rc2 Rb7 37. Qd2 e3 38. Bxe3 Rxg3 39. Rc3 b4 40. axb4 Rxb4 41. f3 Qb1+ 42. Rc1 Qxb2 43. Kf2 Rg6 44. Rc2 Qa3 45. Bf4 Qa1 46. Rc1 Qxd4+ 47. Qxd4 Rxd4 48. e4 Be6 49. Ke3 Rb4 50. Be5 a3 51. Rd2 a2 52. Kf2 Bh3 53. Ke3 Rb1 54. Rdd1 Rxc1 55. Rxc1 Rg2 56. Rd1 f6 57. Rd8+ Kf7 58. Bd4 Be6 59. Ra8 Bc4 60. Ra7+ Ke6 61. f4 g6 62. Rc7 Bb5 63. f5+ gxf5 64. exf5+ Kxf5 65. Rf7 Rg3+ 66. Kf2 Rg6 67. Rf8 0-1

[Event "AUT-chT2S 9900"]
[Site "Austria"]
[Date "1999.11.20"]
[Round "3.4"]
[White "Pichler, Peter"]
[Black "Egartner, Wolfgang"]
[Result "1/2-1/2"]
[WhiteElo "2205"]
[BlackElo "2141"]
[Annotator "Gabriele Ballarin"]
[PlyCount "25"]
[EventDate "1999.10.??"]
[EventType "team"]
[EventRounds "11"]
[EventCountry "AUT"]
[SourceTitle "EXT 2002"]
[Source "ChessBase"]
[SourceDate "2001.11.25"]
[SourceVersion "1"]
[SourceVersionDate "2001.11.25"]
[SourceQuality "1"]

{10240kB, General.ctg. Pentium} 1. d4 d5 2. Nf3 c6 3. c4 e6 4. cxd5 exd5 5. Nc3 Bf5 6. Bf4 Nf6 7. e3 Qb6 8. Qc1 h6 9. Be2 Nbd7 10. O-O Be7 11. Ne1 O-O 12. Nd3 a5 13. Na4 1/2-1/2

[Event "AUT-chT2S 9900"]
[Site "Austria"]
[Date "1999.11.20"]
[Round "3.4"]
[White "Solinas, Carlo"]
[Black "Schnider, Gert"]
[Result "1-0"]
[WhiteElo "2087"]
[BlackElo "2165"]
[Annotator "Gabriele Ballarin"]
[PlyCount "65"]
[EventDate "1999.10.??"]
[EventType "team"]
[EventRounds "11"]
[EventCountry "AUT"]
[SourceTitle "EXT 2002"]
[Source "ChessBase"]
[SourceDate "2001.11.25"]
[SourceVersion "1"]
[SourceVersionDate "2001.11.25"]
[SourceQuality "1"]

1. e4 e5 2. Nf3 Nc6 3. d4 exd4 4. Bc4 d6 5. Nxd4 Nf6 6. Nxc6 bxc6 7. Nc3 Be7 8. h3 O-O 9. O-O Bb7 10. Qf3 Nd7 11. Rd1 Bf6 12. a4 Qe7 13. a5 Rfe8 14. a6 Bc8 15. Ra3 Rb8 16. Be3 Rxb2 17. Bxa7 d5 18. Nxd5 cxd5 19. Bxd5 c5 20. Qe3 Bd4 21. Qc1 Qf6 22. Rf3 Qe5 23. Bxf7+ Kf8 24. Bxe8+ Kxe8 25. Rf5 Qc7 26. Rxd4 cxd4 27. Qxb2 Qxa7 28. Qa2 Nf8 29. Re5+ Be6 30. Rxe6+ Nxe6 31. Qxe6+ Kf8 32. Qd6+ Ke8 33. e5 1-0

[Event "AUT-chT2S 9900"]
[Site "Austria"]
[Date "1999.11.20"]
[Round "3.4"]
[White "Spirk, Stefan"]
[Black "Wegerer, Fred"]
[Result "1/2-1/2"]
[WhiteElo "2251"]
[BlackElo "2196"]
[Annotator "Gabriele Ballarin"]
[PlyCount "200"]
[EventDate "1999.10.??"]
[EventType "team"]
[EventRounds "11"]
[EventCountry "AUT"]
[SourceTitle "EXT 2002"]
[Source "ChessBase"]
[SourceDate "2001.11.25"]
[SourceVersion "1"]
[SourceVersionDate "2001.11.25"]
[SourceQuality "1"]

1. c4 e6 2. g3 d5 3. Bg2 Nf6 4. Nf3 Nbd7 5. O-O Bd6 6. cxd5 exd5 7. Nc3 O-O 8. d3 c6 9. Re1 Re8 10. Bg5 h6 11. Bxf6 Nxf6 12. Qc2 Bg4 13. h3 Bh5 14. Rab1 a5 15. a3 Qb6 16. Kf1 Bg6 17. Nd2 Nh5 18. e3 Bxg3 19. Kg1 Bb8 20. Nf1 Qa6 21. Rbd1 Ba7 22. Ne2 Rad8 23. Qd2 Rd6 24. Neg3 Nxg3 25. Nxg3 Rde6 26. d4 Qb6 27. b4 axb4 28. Qxb4 Qxb4 29. axb4 Bb8 30. Nf1 Bd6 31. Ra1 Bxb4 32. Reb1 Bc3 33. Ra3 Bxb1 34. Rxc3 Be4 35. Bxe4 Rxe4 36. Nd2 R4e6 37. Nb3 Rg6+ 38. Kf1 Ra8 39. Rc2 b5 40. Ke2 Kf8 41. Nc5 Ke7 42. Nd3 Re6 43. Nb4 Kd7 44. Nd3 f6 45. Nc5+ Kd6 46. Nxe6 Kxe6 47. Rxc6+ Kd7 48. Rc5 Ra2+ 49. Kf3 b4 50. Rxd5+ Kc6 51. Rc5+ Kb6 52. Rc8 Kb5 53. d5 b3 54. Rb8+ Kc4 55. d6 Rd2 56. Rb6 b2 57. d7 Kc3 58. Rc6+ Kb3 59. Rb6+ Kc2 60. Rc6+ Kd1 61. Rb6 Kc1 62. Rc6+ Kb1 63. Rc7 g5 64. Kg4 Rd6 65. e4 Ka2 66. Ra7+ Kb3 67. Rb7+ Kc2 68. Rc7+ Kd3 69. Rb7 Kxe4 70. Rxb2 f5+ 71. Kg3 Rd3+ 72. Kg2 Rxd7 73. Rb6 h5 74. Rh6 h4 75. Re6+ Kf4 76. Rh6 Rd3 77. Rh8 Rd5 78. Rh5 Re5 79. Rh8 Ke4 80. Ra8 Rd5 81. Re8+ Kf4 82. Rh8 Rd2 83. Rh7 Rd5 84. Rh8 Ke4 85. Re8+ Re5 86. Ra8 f4 87. Ra4+ Kf5 88. Kf3 Rb5 89. Ra3 g4+ 90. hxg4+ Kg5 91. Kg2 Kxg4 92. f3+ Kg5 93. Kh3 Re5 94. Rb3 Kh5 95. Rb4 Kg5 96. Rb3 Rd5 97. Ra3 Rc5 98. Rb3 Kh5 99. Rb4 Kg5 100. Rb3 Rf5 1/2-1/2

[Event "AUT-chT2S 9900"]
[Site "Austria"]
[Date "1999.11.20"]
[Round "3.5"]
[White "Buchegger, Karl"]
[Black "Benda, Herbert"]
[Result "1/2-1/2"]
[WhiteElo "2196"]
[BlackElo "2210"]
[Annotator "Gabriele Ballarin"]
[PlyCount "29"]
[EventDate "1999.10.??"]
[EventType "team"]
[EventRounds "11"]
[EventCountry "AUT"]
[SourceTitle "EXT 2002"]
[Source "ChessBase"]
[SourceDate "2001.11.25"]
[SourceVersion "1"]
[SourceVersionDate "2001.11.25"]
[SourceQuality "1"]

1. d4 g6 2. Nf3 Bg7 3. c4 d6 4. Nc3 Bg4 5. e3 e5 6. Be2 Nc6 7. d5 Nce7 8. h3 Bd7 9. Qc2 f5 10. e4 Nf6 11. Bg5 O-O 12. Nd2 h6 13. Bxf6 Bxf6 14. O-O-O a6 15. Kb1 1/2-1/2

[Event "AUT-chT2S 9900"]
[Site "Austria"]
[Date "1999.11.20"]
[Round "3.5"]
[White "Gelbmann, Norbert"]
[Black "Waldmann, Gerald"]
[Result "1-0"]
[WhiteElo "2268"]
[BlackElo "2155"]
[Annotator "Gabriele Ballarin"]
[PlyCount "61"]
[EventDate "1999.10.??"]
[EventType "team"]
[EventRounds "11"]
[EventCountry "AUT"]
[SourceTitle "EXT 2002"]
[Source "ChessBase"]
[SourceDate "2001.11.25"]
[SourceVersion "1"]
[SourceVersionDate "2001.11.25"]
[SourceQuality "1"]

1. e4 e6 2. d4 d5 3. Nc3 Bb4 4. e5 c5 5. Bd2 Bxc3 6. Bxc3 Ne7 7. f4 Nbc6 8. Nf3 Qb6 9. dxc5 Qxc5 10. Qd2 Bd7 11. b4 Qb6 12. b5 Nd8 13. Ba5 Qc5 14. Bb4 Qb6 15. Nd4 Nf5 16. Nxf5 exf5 17. Qxd5 Ne6 18. O-O-O O-O-O 19. Bd6 Nc7 20. Qxf7 Ne6 21. Rd3 Qa5 22. Kb2 b6 23. Rc3+ Nc5 24. Bxc5 bxc5 25. Qc4 Kb8 26. Qxc5 Rc8 27. Qd6+ Ka8 28. Bc4 Bc6 29. bxc6 Rhd8 30. Qa3 Qb6+ 31. Qb3 1-0

[Event "AUT-chT2S 9900"]
[Site "Austria"]
[Date "1999.11.20"]
[Round "3.5"]
[White "Januschke, Markus"]
[Black "Schroecker, Maria Luise"]
[Result "1/2-1/2"]
[WhiteElo "2210"]
[BlackElo "2095"]
[Annotator "Gabriele Ballarin"]
[PlyCount "37"]
[EventDate "1999.10.??"]
[EventType "team"]
[EventRounds "11"]
[EventCountry "AUT"]
[SourceTitle "EXT 2002"]
[Source "ChessBase"]
[SourceDate "2001.11.25"]
[SourceVersion "1"]
[SourceVersionDate "2001.11.25"]
[SourceQuality "1"]

1. e4 c5 2. Nf3 e6 3. d4 cxd4 4. Nxd4 Nc6 5. Nc3 Qc7 6. Be3 Nf6 7. Nxc6 bxc6 8. f4 Bb4 9. Bd3 d6 10. O-O a6 11. Kh1 c5 12. e5 dxe5 13. fxe5 Bxc3 14. bxc3 Nd5 15. Bg1 c4 16. Be2 Nxc3 17. Qd2 Nxe2 18. Qxe2 Bb7 19. Rf4 1/2-1/2

[Event "AUT-chT2S 9900"]
[Site "Austria"]
[Date "1999.11.20"]
[Round "3.5"]
[White "Riedner, Martin"]
[Black "Pfeiffer, Gregor"]
[Result "0-1"]
[WhiteElo "2229"]
[BlackElo "2130"]
[Annotator "Gabriele Ballarin"]
[PlyCount "60"]
[EventDate "1999.10.??"]
[EventType "team"]
[EventRounds "11"]
[EventCountry "AUT"]
[SourceTitle "EXT 2002"]
[Source "ChessBase"]
[SourceDate "2001.11.25"]
[SourceVersion "1"]
[SourceVersionDate "2001.11.25"]
[SourceQuality "1"]

1. e4 d5 2. exd5 Qxd5 3. Nc3 Qa5 4. d4 Nf6 5. Bc4 c6 6. Nge2 Bf5 7. O-O e6 8. Ng3 Bg6 9. f4 Bd6 10. f5 exf5 11. Qe2+ Kf8 12. Bf4 Bxf4 13. Rxf4 Nbd7 14. Raf1 Qb6 15. Bb3 h5 16. h4 Ng4 17. Nxf5 Bxf5 18. Rxf5 Qxd4+ 19. Kh1 Ndf6 20. Rd1 Qe3 21. Qc4 Qe7 22. Rf3 Ne5 23. Qf4 Nxf3 24. Qxf3 Re8 25. Rd4 Qe3 26. Qxe3 Rxe3 27. Rf4 Rh6 28. Kg1 Rg6 29. Bc4 Rg4 30. Rxg4 Nxg4 0-1

[Event "AUT-chT2S 9900"]
[Site "Austria"]
[Date "1999.11.20"]
[Round "3.6"]
[White "Valent, Peter"]
[Black "Kwatschewsky, Leo"]
[Result "1/2-1/2"]
[WhiteElo "2064"]
[BlackElo "2307"]
[Annotator "Gabriele Ballarin"]
[PlyCount "33"]
[EventDate "1999.10.??"]
[EventType "team"]
[EventRounds "11"]
[EventCountry "AUT"]
[SourceTitle "EXT 2002"]
[Source "ChessBase"]
[SourceDate "2001.11.25"]
[SourceVersion "1"]
[SourceVersionDate "2001.11.25"]
[SourceQuality "1"]

1. e4 e5 2. Nf3 Nc6 3. Bb5 a6 4. Ba4 Nf6 5. d4 exd4 6. e5 Ne4 7. O-O Be7 8. Nxd4 Nc5 9. Nf5 O-O 10. Qg4 g6 11. Bxc6 dxc6 12. Nxe7+ Qxe7 13. Qe2 Re8 14. Re1 f5 15. Nd2 Be6 16. b3 Nd7 17. c4 1/2-1/2

[Event "AUT-chT2S 9900"]
[Site "Austria"]
[Date "1999.11.21"]
[Round "4.1"]
[White "Bukal, Vladimir Jr"]
[Black "Stohl, Igor"]
[Result "0-1"]
[WhiteElo "2390"]
[BlackElo "2600"]
[Annotator "Gabriele Ballarin"]
[PlyCount "66"]
[EventDate "1999.10.??"]
[EventType "team"]
[EventRounds "11"]
[EventCountry "AUT"]
[SourceTitle "EXT 2002"]
[Source "ChessBase"]
[SourceDate "2001.11.25"]
[SourceVersion "1"]
[SourceVersionDate "2001.11.25"]
[SourceQuality "1"]

{10240kB, General.ctg. Pentium} 1. d4 Nf6 2. c4 e6 3. Nf3 b6 4. g3 Ba6 5. Nbd2 c5 6. e4 cxd4 7. e5 Ng4 8. Bg2 Nc6 9. O-O Bc5 10. Qe2 f6 11. a3 d3 12. Qd1 O-O 13. b4 Bxf2+ 14. Rxf2 Nxf2 15. Kxf2 Nxe5 16. Nxe5 fxe5+ 17. Kg1 e4 18. Nxe4 Bxc4 19. Bg5 Qc7 20. Qg4 Kh8 21. Bd2 b5 22. Bc3 e5 23. Ng5 Rae8 24. Re1 Qb6+ 25. Kh1 Qf2 26. Qh5 h6 27. Ne4 Qc2 28. Bxe5 Rxe5 29. Qxe5 d2 30. Nxd2 Qxd2 31. Qe7 Qf2 32. h4 d5 33. Re5 d4 0-1

[Event "AUT-chT2S 9900"]
[Site "Austria"]
[Date "1999.11.21"]
[Round "4.1"]
[White "Petran, Pal"]
[Black "Konopka, Michal"]
[Result "1/2-1/2"]
[WhiteElo "2371"]
[BlackElo "2484"]
[Annotator "Gabriele Ballarin"]
[PlyCount "36"]
[EventDate "1999.10.??"]
[EventType "team"]
[EventRounds "11"]
[EventCountry "AUT"]
[SourceTitle "EXT 2002"]
[Source "ChessBase"]
[SourceDate "2001.11.25"]
[SourceVersion "1"]
[SourceVersionDate "2001.11.25"]
[SourceQuality "1"]

1. Nf3 Nf6 2. c4 g6 3. Nc3 d5 4. cxd5 Nxd5 5. Qa4+ Bd7 6. Qh4 Nxc3 7. dxc3 Nc6 8. e4 e5 9. Bg5 Be7 10. Bc4 h6 11. Bxe7 Qxe7 12. Qg3 O-O-O 13. O-O g5 14. Rad1 f6 15. Nd2 Be6 16. b3 h5 17. Bxe6+ Qxe6 18. Nc4 g4 1/2-1/2

[Event "AUT-chT2S 9900"]
[Site "Austria"]
[Date "1999.11.21"]
[Round "4.1"]
[White "Siklosi, Zoltan"]
[Black "Ivancsics, Michael"]
[Result "0-1"]
[WhiteElo "2337"]
[BlackElo "2255"]
[Annotator "Gabriele Ballarin"]
[PlyCount "54"]
[EventDate "1999.10.??"]
[EventType "team"]
[EventRounds "11"]
[EventCountry "AUT"]
[SourceTitle "EXT 2002"]
[Source "ChessBase"]
[SourceDate "2001.11.25"]
[SourceVersion "1"]
[SourceVersionDate "2001.11.25"]
[SourceQuality "1"]

1. e4 g6 2. d4 Bg7 3. Nc3 c6 4. Nf3 d5 5. h3 Nf6 6. e5 Ne4 7. Nxe4 dxe4 8. Ng5 c5 9. Bc4 O-O 10. c3 cxd4 11. cxd4 Nc6 12. Be3 Qa5+ 13. Kf1 h6 14. Nxe4 Rd8 15. f4 b5 16. Bb3 Nxd4 17. Bxd4 Qb4 18. Qf3 Bf5 19. Rd1 Rxd4 20. Nf6+ exf6 21. Qxa8+ Bf8 22. Kg1 Rxd1+ 23. Bxd1 Qxf4 24. exf6 Qd4+ 25. Kh2 Qe5+ 26. Kg1 Be4 27. Qd8 Qg3 0-1

[Event "AUT-chT2S 9900"]
[Site "Austria"]
[Date "1999.11.21"]
[Round "4.1"]
[White "Tratar, Marko"]
[Black "Forintos, Gyozo Victor"]
[Result "1/2-1/2"]
[WhiteElo "2442"]
[BlackElo "2343"]
[Annotator "Gabriele Ballarin"]
[PlyCount "99"]
[EventDate "1999.10.??"]
[EventType "team"]
[EventRounds "11"]
[EventCountry "AUT"]
[SourceTitle "EXT 2002"]
[Source "ChessBase"]
[SourceDate "2001.11.25"]
[SourceVersion "1"]
[SourceVersionDate "2001.11.25"]
[SourceQuality "1"]

1. Nf3 d5 2. d4 Nf6 3. c4 c5 4. cxd5 cxd4 5. Qa4+ Qd7 6. Qxd4 Qxd5 7. Nc3 Qxd4 8. Nxd4 e5 9. Ndb5 Na6 10. Bg5 Be7 11. Rd1 O-O 12. g3 Nb4 13. Bg2 Nc2+ 14. Kd2 Nd4 15. Nxd4 exd4 16. Bxf6 Bxf6 17. Nd5 Be5 18. Rc1 Be6 19. Nc7 Rac8 20. Nxe6 fxe6 21. f4 Bd6 22. Kd3 Rfd8 23. Rxc8 Rxc8 24. Bxb7 Rb8 25. Ba6 Rxb2 26. Bc4 Kf7 27. f5 Ke7 28. fxe6 Be5 29. Bb3 a5 30. Rf1 Bf6 31. Rc1 Kd6 32. Rc4 Rb1 33. Ra4 Rh1 34. Rxa5 Rxh2 35. Ra6+ Kc5 36. Ra5+ Kc6 37. Ra6+ Kc5 38. Ra7 Rg2 39. Rc7+ Kb6 40. Rc1 Rxg3+ 41. Ke4 Rg5 42. Rc8 Re5+ 43. Kf3 Re3+ 44. Kf2 h5 45. Bd5 h4 46. a4 Re5 47. Rc6+ Ka5 48. Rc5+ Kb4 49. Rc4+ Ka5 50. Rc5+ 1/2-1/2

[Event "AUT-chT2S 9900"]
[Site "Austria"]
[Date "1999.11.21"]
[Round "4.2"]
[White "Beck, Hartmuth"]
[Black "Mitter, Gerd"]
[Result "1-0"]
[WhiteElo "2235"]
[BlackElo "2261"]
[Annotator "Gabriele Ballarin"]
[PlyCount "105"]
[EventDate "1999.10.??"]
[EventType "team"]
[EventRounds "11"]
[EventCountry "AUT"]
[SourceTitle "EXT 2002"]
[Source "ChessBase"]
[SourceDate "2001.11.25"]
[SourceVersion "1"]
[SourceVersionDate "2001.11.25"]
[SourceQuality "1"]

1. c4 Nf6 2. Nc3 c5 3. g3 Nc6 4. Bg2 g6 5. a3 Bg7 6. Rb1 O-O 7. b4 cxb4 8. axb4 d6 9. Nf3 Bg4 10. d3 Qd7 11. b5 Na5 12. h3 Bxf3 13. Bxf3 Rac8 14. Bd2 b6 15. Qa4 Qf5 16. Bg2 Nd7 17. O-O Nc5 18. Qa2 Qd7 19. Nd5 e6 20. Nb4 Rc7 21. Rfc1 f5 22. Qa3 h6 23. e3 Kh7 24. Be1 g5 25. d4 Ne4 26. Qd3 d5 27. cxd5 Rxc1 28. Rxc1 exd5 29. Nc6 Nc4 30. Rxc4 dxc4 31. Qxc4 Rc8 32. g4 Nd6 33. Qd5 Rc7 34. Bb4 Ne4 35. Qxf5+ Qxf5 36. gxf5 Nf6 37. e4 a5 38. Bd6 Rd7 39. e5 Ne8 40. Ba3 Rc7 41. f6 Nxf6 42. exf6 Bxf6 43. d5 Rc8 44. d6 Kg7 45. d7 Rh8 46. Bd5 a4 47. Kg2 h5 48. f3 Kg6 49. Be7 Bxe7 50. Nxe7+ Kf6 51. Nc6 a3 52. d8=Q+ Rxd8 53. Nxd8 1-0

[Event "AUT-chT2S 9900"]
[Site "Austria"]
[Date "1999.11.21"]
[Round "4.2"]
[White "Brestian, Egon"]
[Black "Petschar, Kurt"]
[Result "1/2-1/2"]
[WhiteElo "2429"]
[BlackElo "2250"]
[Annotator "Gabriele Ballarin"]
[PlyCount "27"]
[EventDate "1999.10.??"]
[EventType "team"]
[EventRounds "11"]
[EventCountry "AUT"]
[SourceTitle "EXT 2002"]
[Source "ChessBase"]
[SourceDate "2001.11.25"]
[SourceVersion "1"]
[SourceVersionDate "2001.11.25"]
[SourceQuality "1"]

1. d4 d5 2. Nf3 c6 3. g3 Nf6 4. Bg2 Bf5 5. O-O e6 6. b3 Nbd7 7. Bb2 Be7 8. Nbd2 Ne4 9. c4 h5 10. cxd5 exd5 11. Ne5 Nxd2 12. Qxd2 Nxe5 13. dxe5 Bg4 14. Qf4 1/2-1/2

[Event "AUT-chT2S 9900"]
[Site "Austria"]
[Date "1999.11.21"]
[Round "4.2"]
[White "Demuth, Markus"]
[Black "Tabernig, Bernhard"]
[Result "1/2-1/2"]
[WhiteElo "2221"]
[BlackElo "2360"]
[Annotator "Gabriele Ballarin"]
[PlyCount "71"]
[EventDate "1999.10.??"]
[EventType "team"]
[EventRounds "11"]
[EventCountry "AUT"]
[SourceTitle "EXT 2002"]
[Source "ChessBase"]
[SourceDate "2001.11.25"]
[SourceVersion "1"]
[SourceVersionDate "2001.11.25"]
[SourceQuality "1"]

1. e4 c5 2. Nf3 e6 3. d4 cxd4 4. Nxd4 Qb6 5. Nb3 Qc7 6. Nc3 a6 7. Bd3 b5 8. O-O Bb7 9. f4 d6 10. e5 Nd7 11. exd6 Bxd6 12. Be4 Be7 13. Qf3 Bxe4 14. Nxe4 Rc8 15. Be3 Ngf6 16. c3 O-O 17. Bd4 Rfd8 18. Rfd1 Nxe4 19. Qxe4 Bf6 20. a4 Bxd4+ 21. Rxd4 Nc5 22. Nxc5 Qxc5 23. axb5 Rxd4 24. Qxd4 Qxd4+ 25. cxd4 axb5 26. Ra5 Rb8 27. Kf2 f5 28. Ke3 Kf7 29. h3 h5 30. d5 exd5 31. Kd4 g6 32. Kxd5 Rd8+ 33. Ke5 Re8+ 34. Kd5 b4 35. Ra7+ Kf6 36. Ra6+ 1/2-1/2

[Event "AUT-chT2S 9900"]
[Site "Austria"]
[Date "1999.11.21"]
[Round "4.2"]
[White "Krebs, Johann"]
[Black "Hebesberger, Thomas"]
[Result "1/2-1/2"]
[WhiteElo "2130"]
[BlackElo "2240"]
[Annotator "Gabriele Ballarin"]
[PlyCount "27"]
[EventDate "1999.10.??"]
[EventType "team"]
[EventRounds "11"]
[EventCountry "AUT"]
[SourceTitle "EXT 2002"]
[Source "ChessBase"]
[SourceDate "2001.11.25"]
[SourceVersion "1"]
[SourceVersionDate "2001.11.25"]
[SourceQuality "1"]

1. d4 d6 2. Nf3 Bg4 3. e4 Nf6 4. h3 Bh5 5. Nc3 e6 6. Be2 Be7 7. Be3 d5 8. exd5 exd5 9. O-O O-O 10. Bg5 Bxf3 11. Bxf3 c6 12. Re1 Nbd7 13. Qd3 Re8 14. Re2 1/2-1/2